000 00353nam a2200157Ia 4500
003 OSt
005 20240219114750.0
008 170524s9999 xx 000 0 und d
020 _a978-1259002335
040 _cIIMT UNIVERSITY
100 _aTHOMAS R L
100 _c2011
245 0 _aUSING STATISTICS IN ECONOMICS
260 _aTMH
942 _2ddc
_c01
999 _c2932
_d2932